MCSE test success : (رقم التسجيلة. 180150)

تفاصيل مارك
000 -LEADER
fixed length control field 01391namaa22003972i 4500
001 - CONTROL NUMBER
control field 4983527
003 - CONTROL NUMBER IDENTIFIER
control field EG-GICUC
005 - DATE AND TIME OF LATEST TRANSACTION
control field 20260514120957.0
008 - FIXED-LENGTH DATA ELEMENTS--GENERAL INFORMATION
fixed length control field 980420s1998 caua jr 001 0 eng
010 ## - LIBRARY OF CONGRESS CONTROL NUMBER
LC control number 98085472
020 ## - INTERNATIONAL STANDARD BOOK NUMBER
International Standard Book Number 0782122507
020 ## - INTERNATIONAL STANDARD BOOK NUMBER
International Standard Book Number 9780782122503
040 ## - CATALOGING SOURCE
Original cataloging agency DLC
Transcribing agency DLC
Language of cataloging eng
Modifying agency EG-GiCUC
Description conventions rda
082 00 - DEWEY DECIMAL CLASSIFICATION NUMBER
Classification number 005.7/13769
Edition number 21
Item number T162
092 04 - LOCALLY ASSIGNED DEWEY CALL NUMBER (OCLC)
Edition number 21
Classification number 005.7/13769
Item number T162
099 ## - LOCAL FREE-TEXT CALL NUMBER (OCLC)
Classification number 005.7/13769 T162
100 1# - MAIN ENTRY--PERSONAL NAME
Personal name Tapia-Ruddy, Maria Aurelia.
Relator term Author.
245 10 - TITLE STATEMENT
Title MCSE test success :
Name of part/section of a work Exchange Server 5.5 /
Statement of responsibility, etc. Maria Aurelia, Tapia-Ruddy.
246 30 - VARYING FORM OF TITLE
Title proper/short title Exchange Server 5.5
264 ## - PRODUCTION, PUBLICATION, DISTRIBUTION, MANUFACTURE, AND COPYRIGHT NOTICE
Place of production, publication, distribution, manufacture San Francisco, CA :
Name of producer, publisher, distributor, manufacturer Sybex Inc.,
Date of production, publication, distribution, manufacture, or copyright notice 1998.
300 ## - PHYSICAL DESCRIPTION
Extent xxi, 408 pages :
Other physical details illustration ;
Dimensions 23 cm.
336 ## - CONTENT TYPE
Content type term text
Content type code txt
Source rdacontent
337 ## - MEDIA TYPE
Media type term unmediated
Media type code n
Source rdamedia
338 ## - CARRIER TYPE
Carrier type term volume
Carrier type code nc
Source rdacarrier
500 ## - GENERAL NOTE
General note "Microsoft certified professional approved study guide"--Cover p. [1].
500 ## - GENERAL NOTE
General note "Exam 70-081"--Cover p. [1].
500 ## - GENERAL NOTE
General note Includes index.
504 ## - BIBLIOGRAPHY, ETC. NOTE
Bibliography, etc. note Bibliography: pages 397-408.
541 ## - IMMEDIATE SOURCE OF ACQUISITION NOTE
Source of acquisition وزارة الثقافة ؛
Address القاهرة ؛
Method of acquisition إهداء ؛
Date of acquisition 2023.
630 00 - SUBJECT ADDED ENTRY--UNIFORM TITLE
Uniform title Microsoft Exchange server.
650 #0 - SUBJECT ADDED ENTRY--TOPICAL TERM
Topical term or geographic name entry element Electronic data processing personnel
General subdivision Certification.
650 #0 - SUBJECT ADDED ENTRY--TOPICAL TERM
Topical term or geographic name entry element Microsoft software
General subdivision Examinations
-- Study guides.
700 1# - ADDED ENTRY--PERSONAL NAME
Personal name Maria Aurelia
Relator term Author.
905 ## - Cataloger and Reviser Names
Cataloger Name Samah
942 ## - ADDED ENTRY ELEMENTS (KOHA)
Source of classification or shelving scheme Dewey Decimal Classification
Koha item type Books
Edition 21
Suppress in OPAC No
المقتنيات
Withdrawn status Lost status Source of classification or shelving scheme Damaged status Not for loan Home library Current library Date acquired Inventory number Total checkouts Full call number Barcode Date last seen Price effective from Koha item type
    Dewey Decimal Classification   Not for loan مكتبة جامعة القاهرة الاهلية قاعة الهندسة 14.05.2026 29   005.7/13769 T162 02010002900000 14.05.2026 14.05.2026 Books
Cairo University Libraries Portal Implemented & Customized by: Eng. M. Mohamady Contacts: new-lib@cl.cu.edu.eg | cnul@cl.cu.edu.eg
CUCL logo CNUL logo
© All rights reserved — Cairo University Libraries
CUCL logo
Implemented & Customized by: Eng. M. Mohamady Contact: new-lib@cl.cu.edu.eg © All rights reserved — New Central Library
CNUL logo
Implemented & Customized by: Eng. M. Mohamady Contact: cnul@cl.cu.edu.eg © All rights reserved — Cairo National University Library